[Event "Montigny le Bretonneux Noel op 20th"]
[Site "Montigny le Bretonneux"]
[Date "2019.12.30"]
[Round "7"]
[White "Vo, Bao Nam"]
[Black "Konate, Foune"]
[Result "1-0"]
[WhiteElo "1226"]
[BlackElo "1199"]
[PlyCount "67"]
[EventDate "2019.12.27"]
[EventType "swiss"]
[EventRounds "7"]
[EventCountry "FRA"]
[SourceTitle "CBM 194 Extra"]
[Source "ChessBase"]
[SourceDate "2020.03.31"]
[SourceVersion "1"]
[SourceVersionDate "2020.03.31"]
[SourceQuality "1"]

1. e4 d6 2. d4 Nf6 3. Bd3 g6 4. c3 Bg7 5. Nf3 0-0 6. 0-0 Re8 7. Bg5 e5 8. d5 Bd7 9. Nbd2 Qc8 10. Re1 Bg4 11. h3 Bh5 12. g4 Nxg4 13. hxg4 Qxg4+ 14. Kf1 f6 15. Be3 Nd7 16. Ke2 Nc5 17. Bxc5 dxc5 18. Qb3 Kh8 19. Rh1 Bh6 20. Rag1 Qd7 21. Ke1 a6 22. Be2 b5 23. Nh4 c4 24. Qd1 Bxe2 25. Qxe2 Rg8 26. Nxg6+ Rxg6 27. Rxg6 Bxd2+ 28. Kxd2 Rg8 29. Rxf6 Qg7 30. Rfh6 Qg5+ 31. Qe3 Qxe3+ 32. Kxe3 Rg7 33. Rxa6 Kg8 34. Rah6 1-0

[Event "Montigny le Bretonneux Noel op 20th"]
[Site "Montigny le Bretonneux"]
[Date "2019.12.29"]
[Round "5"]
[White "Sondermeijer, Damien"]
[Black "Konate, Foune"]
[Result "1-0"]
[WhiteElo "1503"]
[BlackElo "1199"]
[PlyCount "61"]
[EventDate "2019.12.27"]
[EventType "swiss"]
[EventRounds "7"]
[EventCountry "FRA"]
[SourceTitle "CBM 194 Extra"]
[Source "ChessBase"]
[SourceDate "2020.03.31"]
[SourceVersion "1"]
[SourceVersionDate "2020.03.31"]
[SourceQuality "1"]

1. e4 d6 2. d4 Nf6 3. Nc3 g6 4. Bc4 Bg7 5. Nf3 0-0 6. 0-0 Nc6 7. h3 Bd7 8. Be3 Qc8 9. Qd2 Bxh3 10. gxh3 Qxh3 11. Nh2 Ng4 12. f3 Qg3+ 13. Kh1 Qxh2+ 14. Qxh2 Nxh2 15. Kxh2 a6 16. Rad1 Nb4 17. Rf2 b5 18. Bb3 c6 19. a3 Nxc2 20. Rxc2 e6 21. d5 c5 22. dxe6 c4 23. Ba2 fxe6 24. Rf2 Rad8 25. Kg2 Bf6 26. Bh6 Rf7 27. f4 Bg7 28. Bxg7 Kxg7 29. b3 Rc7 30. bxc4 Rxc4 31. Bxc4 1-0

[Event "Montigny le Bretonneux Noel op 20th"]
[Site "Montigny le Bretonneux"]
[Date "2019.12.27"]
[Round "2"]
[White "Konate, Foune"]
[Black "Sondermeijer, Antoine"]
[Result "0-1"]
[WhiteElo "1199"]
[BlackElo "1482"]
[PlyCount "52"]
[EventDate "2019.12.27"]
[EventType "swiss"]
[EventRounds "7"]
[EventCountry "FRA"]
[SourceTitle "CBM 194 Extra"]
[Source "ChessBase"]
[SourceDate "2020.03.31"]
[SourceVersion "1"]
[SourceVersionDate "2020.03.31"]
[SourceQuality "1"]

1. e3 e5 2. d3 d5 3. g3 Nf6 4. h3 c5 5. b3 Nc6 6. Bb2 Bd6 7. Ne2 0-0 8. Bg2 b6 9. Nd2 Bb7 10. g4 d4 11. e4 Be7 12. Ng3 Qd7 13. g5 Ne8 14. h4 Nd6 15. Qe2 f5 16. Bh3 g6 17. Nf3 Qc7 18. h5 fxe4 19. Nd2 exd3 20. Qxd3 Nb4 21. Qf1 Nxc2+ 22. Kd1 Nxa1 23. Bxa1 Bxg5 24. Rg1 Qf7 25. Ke1 Qf4 26. Qe2 Ba6 0-1